Contaminated land remediation - managing risk through insurance (Record no. 67754)

MARC details
000 -LEADER
fixed length control field 01292cam a2200277 4500
001 - CONTROL NUMBER
control field ABS64265
008 - FIXED-LENGTH DATA ELEMENTS--GENERAL INFORMATION
fixed length control field 010723n2001 000 0 eng u
035 ## - SYSTEM CONTROL NUMBER
System control number (Sirsi) u113720
100 ## - MAIN ENTRY--PERSONAL NAME
Personal name Smy, C.
245 ## - TITLE STATEMENT
Title Contaminated land remediation - managing risk through insurance
260 ## - PUBLICATION, DISTRIBUTION, ETC.
Date of publication, distribution, etc. 2001
490 ## - SERIES STATEMENT
Series statement Land Contamination & Reclamation
Volume/sequential designation 9(2) 2001, 242-246(5)
520 ## - SUMMARY, ETC.
Summary, etc. Considers how the remediation of contaminated land, whilst a potentially lucrative market, can expose consultants, contractors and landowners to a variety of financial and statutory risks. Traditionally developers and landowners have relied on provisions such as collateral warranties or latent defects policies which have not always been comprehensive. Looks at the introduction of a variety of flexible policies, such as 'Contractors pollution liability policies' (CPL) which specifically providealternative risk management solutions.
590 ## - LOCAL NOTE (RLIN)
Local note ABS
650 ## - SUBJECT ADDED ENTRY--TOPICAL TERM
Topical term or geographic name entry element CONTAMINATED LAND
650 ## - SUBJECT ADDED ENTRY--TOPICAL TERM
Topical term or geographic name entry element REMEDIATION
650 ## - SUBJECT ADDED ENTRY--TOPICAL TERM
Topical term or geographic name entry element ENVIRONMENTAL INSURANCE
650 ## - SUBJECT ADDED ENTRY--TOPICAL TERM
Topical term or geographic name entry element FINANCIAL RISK
650 ## - SUBJECT ADDED ENTRY--TOPICAL TERM
Topical term or geographic name entry element STATUTORY RISK
650 ## - SUBJECT ADDED ENTRY--TOPICAL TERM
Topical term or geographic name entry element RISK TRANSFER
650 ## - SUBJECT ADDED ENTRY--TOPICAL TERM
Topical term or geographic name entry element CONTRACTORS LIABILITY
650 ## - SUBJECT ADDED ENTRY--TOPICAL TERM
Topical term or geographic name entry element CONSULTANTS LIABILITIES
690 ## - LOCAL SUBJECT ADDED ENTRY--TOPICAL TERM (OCLC, RLIN)
Topical term or geographic name as entry element ENVIRONMENT-CONTAMINATION
700 ## - ADDED ENTRY--PERSONAL NAME
Personal name Davies, R.D.
942 ## - ADDED ENTRY ELEMENTS (KOHA)
Suppress in OPAC 0
Holdings
Withdrawn status Lost status Source of classification or shelving scheme Damaged status Not for loan Home library Current library Shelving location Date acquired Total Checkouts Full call number Barcode Date last seen Copy number Price effective from Koha item type
    Dewey Decimal Classification     London London Journal article 23/07/2001   ABS64792 113720-1001 06/08/2019 1 06/08/2019 Journal article